| 000 | 00894cam a2200181 4500 | ||
|---|---|---|---|
| 001 | WB3828-13 | ||
| 008 | 020730n2002 000 0 eng u | ||
| 035 | _a(Sirsi) u119099 | ||
| 245 | _aYour region, your choice: revitalising the English regions | ||
| 260 | _c2002 | ||
| 490 |
_aCabinet Office News Release _v(CAB 051/02) 9 May 2002, (2) |
||
| 520 | _aODPM has released a white paper "Your region, your choice: revitalising the English Regions" which sets out government plans to decentralise powers and strengthen regional policy. It promotes commitment for directly elected regional assemblies where they are publicly wanted. www.cabinet-office.gov.uk/2002/news/020509_yourregion.htm ODPM White paper www.regions.odpm.gov.uk/governance/whitepaper/index.htm | ||
| 590 | _aWB | ||
| 650 | _aREGIONAL ASSEMBLIES | ||
| 650 | _aDECENTRALISATION | ||
| 690 | _aLOCAL GOVERNMENT | ||
| 942 | _n0 | ||
| 999 |
_c70845 _d70845 |
||